NBA All 1990s Team - Statistics

General Stats
  • This quiz has been taken 450 times
  • The average score is 14 of 15
Answer Stats
Position Team Answer % Correct
G Bulls Michael Jordan
100%
C Rockets Hakeem Olajuwon
99%
F Jazz Karl Malone
99%
G Jazz John Stockton
98%
F Bulls Scottie Pippen
98%
C MagicLakers Shaquille O’Neal
98%
C Spurs David Robinson
97%
F 76ersSuns Rockets Charles Barkley
96%
G SuperSonics Gary Payton
95%
G Trail BlazersRockets Clyde Drexler
92%
F Spurs Tim Duncan
91%
G MagicSuns Penny Hardaway
87%
G WarriorsHeat Tim Hardaway
87%
F WarriorsPacers Chris Mullin
75%
F Pistons Grant Hill
70%
No matching quizzes found
Score Distribution
Percent of People with Each Score
Percentile by Number Answered
Your Score History
You have not taken this quiz